Normal view
MARC view
- Bakshi U. Goyal S
Entry Personal Name
001 - CONTROL NUMBER
- control field: 212207
003 - CONTROL NUMBER IDENTIFIER
- control field: OSt
005 - DATE AND TIME OF LATEST TRANSACTION
- control field: 20250519135032.0
008 - FIXED-LENGTH DATA ELEMENTS
- fixed length control field: 250519|| aca||aabn | a|a d
040 ## - CATALOGING SOURCE
- Original cataloging agency: OSt
- Transcribing agency: OSt
100 ## - HEADING--PERSONAL NAME
- Personal name: Bakshi U. Goyal S
670 ## - SOURCE DATA FOUND
- Source citation: Work cat.: (OSt)366688: Bakshi U. Goyal S., Feedback Control Systems , 2000